000 00435nam a2200181Ia 4500
001 21309
005 20260306172909.0
008 260306t2023||||xx |||||||||||||| ||spa||
041 _aESP
082 _a344.525
_bS17 2023
100 _aSalinas Siccha, Ramiro
_eAUT
245 0 _aDelitos contra el patrimonio
260 _c2023
300 _a590 páginas :
_c25 cm.
650 _aGEN
654 _aCDE
942 _cLIB
_dJUS
_fJUS
_2ddc
_n
999 _c21309
_d21309